书目信息 |
| 题名: |
伊索寓言
|
|
| 作者: | 伊索 著 ;李丹丹 编译 | |
| 分册: | ||
| 出版信息: | 汕头 汕头大学出版社 2018 |
|
| 页数: | 177页 | |
| 开本: | 23cm | |
| 丛书名: | 名家名译 | |
| 单 册: | ||
| 中图分类: | I17(198.4) | |
| 科图分类: | ||
| 主题词: | 寓言--作品集--古希腊 | |
| 电子资源: | ||
| ISBN: | 978-7-5658-3344-1 | |
| 000 | 00963nam2 2200289 4545 | |
| 001 | 012001007931 | |
| 005 | 20131021162746.0 | |
| 010 | @a978-7-5658-3344-1@b精装@dCNY59.80 | |
| 100 | @a20181116d2018 em y0chiy50 ea | |
| 101 | 1 | @achi@cgre |
| 102 | @aCN@b440000 | |
| 105 | @ay z 000fy | |
| 106 | @ar | |
| 200 | 1 | @a伊索寓言@9yi suo yu yan@b专著@f(古希腊)伊索著@g李丹丹编译 |
| 210 | @a汕头@c汕头大学出版社@d2018 | |
| 215 | @a177页@d23cm | |
| 225 | 2 | @a名家名译 |
| 312 | @a封面英文题名:Aesop's fables | |
| 330 | @a本书收录的大多是动物故事,以动物为喻,教人处世和做人的道理,少部分以人或神为主,包括狐狸故事系列、狮子故事系列、狼故事系列、驴子故事系列等。 | |
| 461 | 0 | @12001 @a名家名译 |
| 510 | 1 | @aEsop's fables@zeng |
| 606 | 0 | @a寓言@x作品集@x古希腊 |
| 690 | @aI17(198.4)@v5 | |
| 701 | 0 | @c(古希腊)@a伊索@9yi suo@c(Aesop)@4著 |
| 702 | 0 | @a李丹丹@9li dan dan@4编译 |
| 801 | 2 | @aCN@b上海新华@c20191020 |
| 905 | @b1177609-12@dI17(198.4)@e530@f4 | |
| 伊索寓言/(古希腊)伊索著/李丹丹编译.-汕头:汕头大学出版社,2018 |
| 177页;23cm.-(名家名译) |
| ISBN 978-7-5658-3344-1(精装):CNY59.80 |
| 本书收录的大多是动物故事,以动物为喻,教人处世和做人的道理,少部分以人或神为主,包括狐狸故事系列、狮子故事系列、狼故事系列、驴子故事系列等。 |
| ● |
| 相关链接 |
|
|
|
|
正题名:伊索寓言
索取号:I17(198.4)/530
 
预约/预借
| 序号 | 登录号 | 条形码 | 馆藏地/架位号 | 状态 | 备注 |
| 1 | 1177609 | 211776096 | 第一样本阅览室/ [索取号:I17(198.4)/530] | 在馆 | |
| 2 | 1177610 | 211776103 | 第二借阅区/ [索取号:I17(198.4)/530] | 在馆 | |
| 3 | 1177611 | 211776112 | 第二借阅区/ [索取号:I17(198.4)/530] | 在馆 | |
| 4 | 1177612 | 211776121 | 第二借阅区/ [索取号:I17(198.4)/530] | 在馆 |